Every Country, State, and Territory in the world (Part 3 of 3 ) - Statistics

General Stats
  • This quiz has been taken 5 times
  • The average score is 53 of 340
Answer Stats
Picture Answer % Correct
Afghanistan
100%
Andorra
100%
Angola
100%
Bahrain
100%
Belarus
100%
Botswana
100%
Burundi
100%
Federated States of Micronesia
100%
Guinea
100%
Guinea-Bissau
100%
Kyrgyzstan
100%
Mongolia
100%
Morocco
100%
Nigeria
100%
Portugal
100%
Qatar
100%
Saint Lucia
100%
Solomon Islands
100%
Sri Lanka
100%
Togo
100%
Uganda
100%
Zambia
100%
Armenia
67%
Benin
67%
Bissau
67%
Bolivia
67%
Capital
67%
Central African Republic
67%
Chad
67%
Colombia
67%
Dominica
67%
Ecuador
67%
Estonia
67%
Ethiopia
67%
Fiji
67%
Ghana
67%
Grenada
67%
Guatemala
67%
Honiara
67%
Latvia
67%
Lesotho
67%
Lisbon
67%
Lithuania
67%
Mali
67%
Mauritius
67%
Muharraq
67%
Nasarawa
67%
Nicaragua
67%
Northern
67%
Ondo
67%
Romania
67%
Senegal
67%
Sierra Leone
67%
Somalia
67%
Somaliland
67%
Suriname
67%
The Gambia
67%
Tuvalu
67%
Ukraine
67%
Anambra
33%
Andorra la Vella
33%
Aveiro
33%
Beja
33%
Chalatenango
33%
Conakry
33%
Donetsk
33%
El Salvador
33%
Faro
33%
Gaudalcanal
33%
Hondruas
33%
Ialomita
33%
Kaduna
33%
Kano
33%
Kwara
33%
Luxembourg
33%
Managua
33%
Moldova
33%
Montenegro
33%
San Vicente
33%
Adamawa
0%
Afar
0%
Ahuachapan
0%
Akwa Ibom
0%
Alba
0%
Alta Verapaz
0%
Alytus
0%
Amazonas
0%
Amhara
0%
Antioquia
0%
Arad
0%
Arauca
0%
Arkhangai
0%
Atlantico
0%
Azuay
0%
Baja Verapaz
0%
Balti
0%
Banjul
0%
Batken
0%
Bayan-Olgii
0%
Beni
0%
Benishangul-Gumuz
0%
Bolivar
0%
Bolivar
0%
Boyaca
0%
Briceni
0%
Bucharest
0%
Bulgan
0%
Cabanas
0%
Cahul
0%
Caldas
0%
Canar
0%
Canillo
0%
Capital District
0%
Caqueta
0%
Carazo
0%
Carchi
0%
Casanare
0%
Cauca
0%
Causeni
0%
Central Ethiopian State
0%
Central Province
0%
Cesar
0%
Cherkasy
0%
Chernihiv
0%
Chernivtsi
0%
Chimborazo and Cotopaxi
0%
Chinandega
0%
Chiquimula
0%
Chisinau
0%
Choco
0%
Choiseul
0%
Chontales
0%
Chuquisaca
0%
Chuuk
0%
Cochabamba
0%
Comayagua
0%
Copan
0%
Cordoba
0%
Covasna
0%
Cross River State
0%
Cundinamarca
0%
Darkhan-Uul
0%
Dnipropetrovsk
0%
Dornod
0%
Dornogovi
0%
Dubasari
0%
Dundgobi
0%
Eastern Province
0%
Edinet
0%
El Oro
0%
El Peten
0%
El Quiche
0%
Encamp
0%
Enugu
0%
Escaldes-Engordany
0%
Escuintla
0%
Esmeraldas
0%
Esteli
0%
Francisco Morazan
0%
Gagauzia
0%
Galapagos
0%
Galmudug
0%
Gambella
0%
Giurgiu
0%
Gomel
0%
Govi-Altai
0%
Govisumber
0%
Granada
0%
Grodno
0%
Guainia
0%
Guatemala Department
0%
Guavaiare
0%
Guayaguil
0%
Harari
0%
Harju
0%
Hiiu
0%
Hirshabeelle
0%
Huila
0%
Ida Viru
0%
Imbabura
0%
Imo
0%
Isabel
0%
Issyk-Kul
0%
Ivano-Frankivsk
0%
Jalal-Abad
0%
Jalapa
0%
Jarva
0%
Jigawa
0%
Jogeva
0%
Jubaland
0%
Kaunas
0%
Khaatumo
0%
Kharkiv
0%
Khentii
0%
Kherson
0%
Khmelnytskyi
0%
Khovd
0%
Khovsgol
0%
Kirovohrad
0%
Klaipeda
0%
Kogi
0%
Kosrae
0%
Kyiv Oblast
0%
Laane
0%
Laane-Viru
0%
La Guajira
0%
La Libertad
0%
La Massana
0%
La Paz
0%
La Paz
0%
Leon
0%
Leova
0%
Loja
0%
Los Rios
0%
Luhansk
0%
Lviv
0%
Madriz
0%
Magdalena
0%
Makira and Ulawa
0%
Manabi
0%
Maramure
0%
Masaya
0%
Matagalpa
0%
Meta
0%
Minsk
0%
Minsk Oblast
0%
Mogilev
0%
Morazan
0%
Morona Santiago
0%
Mykolaiv
0%
Nan
0%
Napo
0%
Narino
0%
Naryn
0%
Nonthaburi
0%
Norte de Santander
0%
North Caribbean Coast
0%
North Central Province
0%
Northern Province
0%
North Western Province
0%
Nueva Segovia
0%
Ocotepeque
0%
Odesa
0%
Olancho
0%
Omnogovi
0%
Ordino
0%
Orellana
0%
Orkhon
0%
Oromia
0%
Oruro
0%
Osh
0%
Osun
0%
Ovorkhangai
0%
Oyo
0%
Pando
0%
Panevezys
0%
Parnu
0%
Pastaza
0%
Pichincha
0%
Pohnpei
0%
Poltava
0%
Polva
0%
Potosi
0%
Puntland
0%
Putumayo
0%
Quindio
0%
Rapla
0%
Rennell and Bellona
0%
Rezina
0%
Rio San Juan
0%
Risaralda
0%
Rivas
0%
Rivers State
0%
Rivne
0%
Saare
0%
Sacatepequez
0%
Saint Vincent and the Genadines
0%
San Andres y Providencia
0%
San Julian de Loria
0%
San Salvador
0%
Santa Ana
0%
Santa Cruz
0%
Santa Domingo de los Tsachilas
0%
Santa Elena
0%
Santander
0%
Selenge
0%
Siauliai
0%
Sidama
0%
Sokoto
0%
Somali Region
0%
Sonsonate
0%
Soroca
0%
South Caribbean Coast
0%
Southern Ethiopia
0%
South West Ethiopia
0%
South West State
0%
Suchitepequez
0%
Sucre
0%
Sucumbios
0%
Sukhbaatar
0%
Sumy
0%
Taraclia
0%
Tarija
0%
Tartu
0%
Taurage
0%
Telenesti
0%
Telsiai
0%
Temotu
0%
Ternopil
0%
Tighina
0%
Tigray
0%
Tolima
0%
Totonicapan
0%
Tov
0%
Tungurahua
0%
Ultena
0%
Ungheni
0%
Usulutan
0%
Uttaradit
0%
Uva
0%
Uvs
0%
Valga
0%
Valle del Cauca
0%
Vaupes
0%
Vichada
0%
Viljandi
0%
Vilnius
0%
Vinnytskoyi
0%
Vitebsk
0%
Volyn
0%
Voru
0%
Western Province
0%
Yap
0%
Zacapa
0%
Zakarpattia
0%
Zamfara
0%
Zamora Chinchipe
0%
Zaporizhia
0%
Zavkhan
0%
Zhytomyr
0%
No matching quizzes found
Score Distribution
Percent of People with Each Score
Percentile by Number Answered
Your Score History
You have not taken this quiz